[SPA] Profesiones - Statistiques

Statistiques générales
  • Ce quiz a été pris 2 fois
  • Le résultat moyen est 21 sur 27
Statistiques - réponses
Francés Español % Correct
Un acteur Un actor
100%
Un maçon Un albañil / Un masòn
100%
Un pompier Un bombero
100%
Un serveur Un camarero
100%
Un boucher Un carnicero
100%
Un menuisier Un carpintero
100%
Un cuisinier Un cocinero
100%
Un commerçant Un comerciante / Un mercader / Un tendero
100%
Un mécanicien Un mecànico
100%
Un médecin Un médico / Un doctor
100%
Un musicien Un mùsico
100%
Un ouvrier Un obrero /
100%
Un boulanger Un panadero / Una panaderìa / Un pastalero
100%
Un plombier Un plomero / Un fontanero
100%
Un policier Un policìa / Un agente de policìa / Un oficial de policìa
100%
Un militaire Un soldado / Un militar
100%
Un traducteur Un traductor / Un intérprete
100%
Un vétérinaire Un veterinario
100%
Un ambulancier Un ambulanciero / Un paramédico / Una ambulancia
50%
Un routier Un camionero / Un conductor
50%
Un chauffeur de bus Un conductor de autobùs / Un chòfer de autobus
50%
Un comptable Un contable
50%
Un électricien Un électricista
50%
Un fermier Un granjero / Un agricultor
50%
Un fabricant de bougies Un creador de velas
0%
Un bûcheron Un leñador
0%
Un professeur Un profesore
0%
Aucun quiz correspondant
Distribution des résultats
% des personnes avec chaque résultat
Percentile par nombre de réponses
Votre historique - résultats
Vous n’avez pas pris ce quiz